Представление документа в формате MARC21

Поле Инд. ПП Название Значение
Тип записи a
Библиографический уровень m
001 Контрольный номер 251ed1013b29407a80c59b925e307594
005 Дата корректировки 20181022103844.9
024 80 a Стандартный номер 10.01.10
040 a Служба первич. каталог. НБ ТвГУ
b Код языка каталог. rus
e Правила каталог. PSBO
041 0_ a Код языка текста rus
080 a Индекс УДК 316.77(043.3)
084 a Индекс другой классификации/Индекс ББК С524.224.3я031
090 a Полочн. индекс С524
x Авторский знак Ш 55
097 b Оператор mimoza
100 1_ a Автор Шибанова Юлия Владимировна
q Полное имя Шибанова Ю. В.
245 10 a Заглавие Текстовая парадигма коммуникации в деятельности служб по связям с общественностью органов власти и управления в условиях формирования новой медиасреды (региональный опыт)
b Продолж. заглавия автореферат диссертации ... кандидата филологических наук : 10.01.10 - журналистика (филологические науки)
c Ответственность науч. рук. О. Н. Савинова ; оппоненты: М. Г. Шилина, И. В. Микулина ; Нац. исслед. Нижегород. гос. ун-т им. Н. И. Лобачевского
260 c Дата издания 2017
a Место издания Тверь
b Издательство [б. и.]
300 a Объем 23 с., включ. обл.
500 a Примечание На правах рукописи
502 a Примечание о диссертации Защищена 01.06.2017
653 0_ a Ключевые слова Массовая коммуникация
a Ключевые слова Средства массовой коммуникации
a Ключевые слова Социология средств массовых коммуникаций
a Ключевые слова Социальные институты
a Ключевые слова Общественное мнение
a Ключевые слова Связи с общественностью
a Ключевые слова Государство и власть
a Ключевые слова PR-службы органов власти
a Ключевые слова Коммуникативные процессы
a Ключевые слова Информационная среда
a Ключевые слова Текстовая парадигма
a Ключевые слова Службы по связям с общественностью
a Ключевые слова Коммуникационная стратегия региональных служб по связям с общественностью
a Ключевые слова Авторефераты
700 12 a Другие авторы Савинова Ольга Николаевна
e Роль лиц науч. рук.
700 12 a Другие авторы Шилина Марина Григорьевна
e Роль лиц оппонент
700 12 a Другие авторы Микулина Ирина Викторовна
e Роль лиц оппонент
710 12 a Организация/ юрисдикция Национальный исследовательский Нижегородский государственный университет им. Н. И. Лобачевского
e Роль коллектива место выполнения работы
710 12 a Организация/ юрисдикция Челябинский государственный университет
e Роль коллектива ведущая организация
710 12 a Организация/ юрисдикция Тверской государственный университет
e Роль коллектива место защиты
901 t Тип документа d
920 a Оператор Семен
a Оператор Суха
a Оператор Стро
930 a Новая/Ретро новая
952 c Вид литературы А/Р н
954 b Дата поступления в ОК 20180618
a Дата поступления на обработку 20180927
c Дата окончания ОНО 20181022